[Event "Fagernes op"]
[Site "Fagernes"]
[Date "2024.03.28"]
[Round "6"]
[White "Krishnan, Ritvik"]
[Black "Chasin, Nico Werner"]
[Result "0-1"]
[WhiteElo "2277"]
[BlackElo "2447"]
[PlyCount "74"]
[EventDate "2024.03.24"]
[EventType "swiss"]
[EventRounds "9"]
[EventCountry "NOR"]
[SourceTitle "CB14_2024"]
[SourceDate "2024.04.01"]
[SourceVersion "1"]
[SourceVersionDate "2024.04.01"]
[SourceQuality "1"]

1. e4 e5 2. Nf3 Nc6 3. Bc4 Bc5 4. c3 Nf6 5. d3 d6 6. 0-0 a6 7. Re1 Ba7 8. a4 h6 9. b4 0-0 10. h3 Ne7 11. Bb3 Ng6 12. d4 d5 13. dxe5 Nxe4 14. Be3 Bxe3 15. Rxe3 Nf4 16. Nbd2 Ng5 17. Kh2 c6 18. a5 f6 19. Nxg5 fxg5 20. Kg1 Be6 21. Nf1 Qc7 22. Ng3 Rae8 23. Qd4 Qf7 24. f3 Qd7 25. Ra2 Kh8 26. Nh1 Ng6 27. Nf2 Rf4 28. Qd2 Bg8 29. Nd3 Rf5 30. Qe1 Qc7 31. e6 Nf4 32. Ne5 Rxe6 33. Ng4 Rxe3 34. Qxe3 h5 35. Nf2 Re5 36. Qd2 Re2 37. Qd1 Qe5 0-1

[Event "Fagernes op"]
[Site "Fagernes"]
[Date "2024.03.25"]
[Round "2"]
[White "Dushyant, Sharma"]
[Black "Chasin, Nico Werner"]
[Result "1/2-1/2"]
[WhiteElo "2331"]
[BlackElo "2447"]
[PlyCount "56"]
[EventDate "2024.03.24"]
[EventType "swiss"]
[EventRounds "9"]
[EventCountry "NOR"]
[SourceTitle "CB14_2024"]
[SourceDate "2024.04.01"]
[SourceVersion "1"]
[SourceVersionDate "2024.04.01"]
[SourceQuality "1"]

1. e4 c5 2. Nf3 e6 3. d4 cxd4 4. Nxd4 Nc6 5. Nc3 Qc7 6. Be3 a6 7. Qf3 Bd6 8. Nxc6 bxc6 9. Bd4 Nf6 10. Bd3 Rb8 11. Nd1 c5 12. Bxf6 gxf6 13. Qxf6 Be5 14. Qh4 c4 15. Be2 Qa5+ 16. Kf1 Qd2 17. Ne3 Rxb2 18. Nxc4 Rxa2 19. Re1 Qc3 20. Bd3 Rxc2 21. Nxe5 Rc1 22. Ke2 Qb2+ 23. Ke3 Rxe1+ 24. Rxe1 Qxe5 25. Rc1 Bb7 26. f4 Qa5 27. Qf6 Rg8 28. g3 Qb6+ 1/2-1/2

[Event "Reykjavik op"]
[Site "Reykjavik"]
[Date "2024.03.18"]
[Round "5"]
[White "Large, Peter G"]
[Black "Chasin, Nico Werner"]
[Result "1/2-1/2"]
[WhiteElo "2262"]
[BlackElo "2447"]
[PlyCount "84"]
[EventDate "2024.03.15"]
[EventType "swiss"]
[EventRounds "9"]
[EventCountry "ISL"]
[SourceTitle "CB13_2024"]
[SourceDate "2024.03.27"]
[SourceVersion "1"]
[SourceVersionDate "2024.03.27"]
[SourceQuality "1"]

1. c4 e5 2. Nc3 Nf6 3. Nf3 Nc6 4. e3 Bb4 5. Qc2 Bxc3 6. Qxc3 Qe7 7. d3 d5 8. Be2 0-0 9. 0-0 d4 10. exd4 exd4 11. Qb3 Nd7 12. Re1 Nc5 13. Qa3 a5 14. Bf4 b6 15. Bf1 Qd8 16. Bd2 Bb7 17. Ne5 Ne7 18. h3 f6 19. Ng4 Ng6 20. Rad1 Qd6 21. b3 Nh4 22. Nh2 f5 23. Bg5 Ng6 24. Bc1 f4 25. Qb2 Nh4 26. Re4 Nxe4 27. dxe4 Bxe4 28. f3 Bc6 29. Rxd4 Qc5 30. Qf2 g5 31. Bd3 Nf5 32. Bxf5 Qxf5 33. Ng4 Qe6 34. Rd1 h5 35. Re1 Qd6 36. Ne5 Rae8 37. Bb2 Rf5 38. Qc2 Rexe5 39. Bxe5 Rxe5 40. Rxe5 Qxe5 41. Qg6+ Kf8 42. Qxc6 Qe1+ 1/2-1/2

[Event "Rilton Cup 51st"]
[Site "Stockholm"]
[Date "2023.12.31"]
[Round "5"]
[White "Blomqvist, Erik"]
[Black "Chasin, Nico Werner"]
[Result "1-0"]
[WhiteElo "2521"]
[BlackElo "2444"]
[PlyCount "63"]
[EventDate "2023.12.27"]
[EventType "swiss"]
[EventRounds "9"]
[EventCountry "SWE"]
[SourceTitle "CB02_2024"]
[SourceDate "2024.01.10"]
[SourceVersion "1"]
[SourceVersionDate "2024.01.10"]
[SourceQuality "1"]

1. e4 e5 2. Nf3 Nf6 3. d4 Nxe4 4. Bd3 Nc6 5. Nxe5 Nxe5 6. dxe5 Nc5 7. Bc4 d6 8. Qf3 Ne6 9. exd6 Bxd6 10. Be3 0-0 11. Nd2 Qh4 12. g3 Qe7 13. 0-0-0 Bd7 14. Qxb7 Rab8 15. Qa6 Bc8 16. Qa5 Bb4 17. Qh5 Bb7 18. Bd5 Ba6 19. Ne4 c6 20. Bb3 c5 21. c3 c4 22. Bc2 f5 23. Ng5 Nxg5 24. Qxg5 Qxg5 25. Bxg5 Bc5 26. Be3 Bxe3+ 27. fxe3 Rb5 28. Rd7 Rfb8 29. Rxa7 Bb7 30. Rd1 Be4 31. Bxe4 fxe4 32. Rd2 1-0

[Event "Rilton Cup 51st"]
[Site "Stockholm"]
[Date "2023.12.30"]
[Round "4"]
[White "Chasin, Nico Werner"]
[Black "Kulaots, Kaido"]
[Result "1/2-1/2"]
[WhiteElo "2444"]
[BlackElo "2524"]
[PlyCount "63"]
[EventDate "2023.12.27"]
[EventType "swiss"]
[EventRounds "9"]
[EventCountry "SWE"]
[SourceTitle "CB02_2024"]
[SourceDate "2024.01.10"]
[SourceVersion "1"]
[SourceVersionDate "2024.01.10"]
[SourceQuality "1"]

1. d4 Nf6 2. c4 e6 3. Nf3 d5 4. Nc3 Bb4 5. Qa4+ Nc6 6. e3 0-0 7. Bd2 dxc4 8. Bxc4 Bd6 9. Qc2 e5 10. dxe5 Nxe5 11. Nxe5 Bxe5 12. f4 Bxc3 13. Bxc3 g6 14. Rd1 Qe7 15. Bxf6 Qxf6 16. 0-0 Be6 17. Bxe6 Qxe6 18. Qxc7 Qxe3+ 19. Kh1 Rac8 20. Qxb7 Rb8 21. Qf3 Qxf3 22. Rxf3 Rxb2 23. Ra3 Rc8 24. Rxa7 Rcc2 25. Rg1 Rf2 26. Ra4 Rxa2 27. Rxa2 Rxa2 28. Rf1 Kg7 29. h4 Kf6 30. Kh2 Kf5 31. Kh3 Ra3+ 32. g3 1/2-1/2

[Event "Edward Lasker Memorial 107th"]
[Site "New York"]
[Date "2023.12.07"]
[Round "1"]
[White "Meduri, Aakaash"]
[Black "Chasin, Nico Werner"]
[Result "0-1"]
[WhiteElo "1976"]
[BlackElo "2444"]
[PlyCount "74"]
[EventDate "2023.12.07"]
[EventType "swiss"]
[EventRounds "6"]
[EventCountry "USA"]
[SourceTitle "CB50_2023"]
[SourceDate "2023.12.13"]
[SourceVersion "1"]
[SourceVersionDate "2023.12.13"]
[SourceQuality "1"]

1. c4 e5 2. g3 Nf6 3. Bg2 Nc6 4. Nc3 Bb4 5. Nd5 Bc5 6. e3 0-0 7. Ne2 Nxd5 8. cxd5 Nb4 9. 0-0 c6 10. d4 exd4 11. exd4 Be7 12. Nc3 Bf6 13. d6 Qb6 14. a3 Nd5 15. Ne2 a5 16. Qd3 a4 17. Be4 g6 18. f4 Qa6 19. Qc2 Re8 20. f5 g5 21. Rd1 b5 22. Nc3 Bb7 23. Qg2 Qb6 24. Ne2 b4 25. h4 h6 26. Qf3 Ba6 27. hxg5 hxg5 28. Kg2 Qb5 29. Ng1 Rab8 30. Qg4 bxa3 31. Bxg5 Rxe4 32. Qxe4 Bxg5 33. bxa3 Qb2+ 34. Kh1 Kg7 35. Nh3 Rh8 36. Qg4 f6 37. Re1 Ne3 0-1

[Event "Titled Tuesday intern op 22nd Aug Late"]
[Site "Chess.com INT"]
[Date "2023.08.22"]
[Round "8"]
[White "Matlakov, Maxim"]
[Black "Chasin, Nico Werner"]
[Result "1-0"]
[WhiteElo "2677"]
[BlackElo "2450"]
[PlyCount "135"]
[EventDate "2023.08.22"]
[EventType "swiss (blitz)"]
[EventRounds "11"]
[EventCountry "USA"]
[SourceTitle "EXT 2024"]
[Source "ChessBase"]
[SourceDate "2023.10.10"]
[SourceVersion "1"]
[SourceVersionDate "2023.10.10"]
[SourceQuality "1"]

1. d4 Nf6 2. Nf3 d5 3. Bg5 c6 4. e3 Ne4 5. Bh4 Bf5 6. Nbd2 Nxd2 7. Qxd2 Nd7 8. Bd3 Bxd3 9. Qxd3 Nf6 10. Bxf6 exf6 11. 0-0 Bd6 12. c4 dxc4 13. Qxc4 0-0 14. b4 a6 15. a4 Qd7 16. Rfc1 Rfc8 17. Ne1 a5 18. bxa5 Rxa5 19. Nd3 Rca8 20. g3 h5 21. Nc5 Bxc5 22. dxc5 Qd5 23. Qb4 h4 24. gxh4 g6 25. h3 Kg7 26. Rc4 Qf3 27. Rf4 Qxh3 28. Qxb7 Qe6 29. Qb4 Qe5 30. Rc1 Rxa4 31. Qxa4 Rxa4 32. Rxa4 Qb2 33. Rac4 f5 34. Kg2 Qe2 35. Rd4 Kh6 36. Rcc4 f6 37. Rc1 Qb2 38. Rcd1 Qe2 39. R1d2 Qh5 40. Ra4 f4 41. Rxf4 Qxc5 42. Rxf6 Qc3 43. Rdd6 c5 44. Rxg6+ Kh7 45. h5 c4 46. Rc6 Qd3 47. Rc7+ Kh8 48. Rh6+ Kg8 49. Rg6+ Kh8 50. Rgc6 Qd5+ 51. f3 Qg5+ 52. Kf2 Qh4+ 53. Ke2 Qh2+ 54. Kd1 Qg1+ 55. Kd2 Qf2+ 56. Kc3 Qxe3+ 57. Kxc4 Qf4+ 58. Kb5 Qf5+ 59. Kb6 Qxf3 60. h6 Qb3+ 61. Ka7 Qa4+ 62. Kb7 Qb5+ 63. Rb6 Qd5+ 64. Ka7 Qa5+ 65. Kb7 Qd5+ 66. Kb8 Qd8+ 67. Rc8 Kh7 68. Rb7+ 1-0

[Event "Casablanca Mohammed op 4th"]
[Site "Casablanca"]
[Date "2023.08.17"]
[Round "6"]
[White "Warmerdam, Max"]
[Black "Chasin, Nico Werner"]
[Result "1-0"]
[WhiteElo "2633"]
[BlackElo "2450"]
[PlyCount "75"]
[EventDate "2023.08.14"]
[EventType "swiss"]
[EventRounds "9"]
[EventCountry "MAR"]
[SourceTitle "CBM 215 Extra"]
[Source "ChessBase"]
[SourceDate "2023.09.30"]
[SourceVersion "1"]
[SourceVersionDate "2023.09.30"]
[SourceQuality "1"]

1. c4 Nf6 2. Nc3 e5 3. Nf3 Nc6 4. d3 d5 5. cxd5 Nxd5 6. e4 Nb6 7. Be2 Be7 8. 0-0 0-0 9. Be3 Bf6 10. a4 a5 11. Nb5 Be6 12. Rc1 Re8 13. Qc2 Rc8 14. b3 Re7 15. Rfd1 Rd7 16. Qb2 Nd4 17. Nbxd4 exd4 18. Bd2 c5 19. Qa3 Be7 20. Qa2 Ra8 21. Ne5 Rc7 22. f4 f6 23. Nc4 Nxc4 24. bxc4 Bd6 25. Bf3 Re7 26. Rb1 Bf7 27. Re1 Rb8 28. Qc2 b6 29. Bc1 Be8 30. Qd1 Bc6 31. e5 Bxf3 32. Qxf3 Bc7 33. Rb2 fxe5 34. fxe5 Rxe5 35. Rxe5 Bxe5 36. Re2 Qd6 37. Qh5 Bf6 38. Bf4 1-0

[Event "Titled Tuesday intern op 08th Aug Late"]
[Site "Chess.com INT"]
[Date "2023.08.08"]
[Round "3"]
[White "Chasin, Nico Werner"]
[Black "Sebag, Marie"]
[Result "1-0"]
[WhiteElo "2450"]
[BlackElo "2437"]
[PlyCount "137"]
[EventDate "2023.08.08"]
[EventType "swiss (blitz)"]
[EventRounds "11"]
[EventCountry "USA"]
[SourceTitle "EXT 2024"]
[Source "ChessBase"]
[SourceDate "2023.10.10"]
[SourceVersion "1"]
[SourceVersionDate "2023.10.10"]
[SourceQuality "1"]

1. d4 d5 2. c4 e5 3. dxe5 d4 4. Nf3 Nc6 5. a3 Nge7 6. Bf4 Ng6 7. Bg3 Bg4 8. Nbd2 Qe7 9. h3 Bf5 10. Nb3 0-0-0 11. Nbxd4 Nxd4 12. Nxd4 Nxe5 13. e3 c5 14. Qh5 Nd3+ 15. Bxd3 Bxd3 16. Qg4+ Qd7 17. Nb5 Qxg4 18. Nxa7+ Kd7 19. hxg4 Bxc4 20. 0-0-0+ Ke8 21. Rxd8+ Kxd8 22. Rd1+ Ke8 23. Nc8 Be6 24. Nd6+ Bxd6 25. Rxd6 Ke7 26. Rb6 Bd5 27. f3 Bc6 28. Rb3 Rd8 29. Rc3 b6 30. b4 Rd5 31. e4 Rd4 32. Bf2 Rd7 33. bxc5 bxc5 34. Bxc5+ Ke6 35. Be3 Bb7 36. Rb3 g6 37. Rb6+ Ke7 38. Bc5+ Ke8 39. Bd6 f6 40. Kd2 Kf7 41. Ke3 h5 42. gxh5 gxh5 43. Kf4 Bc8 44. Rc6 Bb7 45. Rc7 Rxc7 46. Bxc7 Ke6 47. a4 Bc6 48. a5 Bb5 49. Kg3 Bf1 50. Kf2 Bb5 51. Bb6 Ba6 52. g3 Bb5 53. f4 f5 54. e5 Kd5 55. Ke3 Ba6 56. Kd2 Bb5 57. Kc3 Ba6 58. Kb4 Bf1 59. Bf2 Ba6 60. e6 Kxe6 61. Kc5 Bf1 62. Kb6 Kd5 63. Bc5 Kc4 64. a6 Bg2 65. a7 Kd3 66. Be7 Ke2 67. Kc7 Kf2 68. Bh4 Be4 69. Kb8 1-0

[Event "Budapest SixDays 08 GM-A"]
[Site "Budapest"]
[Date "2023.08.01"]
[Round "3"]
[White "Chasin, Nico Werner"]
[Black "Grabinsky, Aaron"]
[Result "1-0"]
[WhiteElo "2450"]
[BlackElo "2409"]
[PlyCount "91"]
[EventDate "2023.07.31"]
[EventType "tourn"]
[EventRounds "9"]
[EventCountry "HUN"]
[EventCategory "6"]
[SourceTitle "CBM 215 Extra"]
[Source "ChessBase"]
[SourceDate "2023.09.30"]
[SourceVersion "1"]
[SourceVersionDate "2023.09.30"]
[SourceQuality "1"]

1. d4 Nf6 2. c4 e6 3. Nf3 Bb4+ 4. Nbd2 b6 5. a3 Bxd2+ 6. Qxd2 Bb7 7. e3 0-0 8. Be2 d5 9. b3 c5 10. Bb2 Ne4 11. Qd3 cxd4 12. exd4 a5 13. a4 Nc6 14. 0-0 Nb4 15. Qd1 Rc8 16. Ne5 Nd6 17. Rc1 Nf5 18. Qd2 Rc7 19. Rfd1 Qa8 20. Nd3 Nxd3 21. Bxd3 Ne7 22. Ba3 dxc4 23. bxc4 Rd8 24. Qf4 Rcd7 25. Bxe7 Rxe7 26. Qh4 Red7 27. Qxh7+ Kf8 28. d5 Qb8 29. Qh8+ Ke7 30. Qxg7 Rg8 31. Qd4 exd5 32. Re1+ Kf8 33. Qxb6 dxc4 34. Qh6+ Rg7 35. Rxc4 Rd6 36. Re8+ Qxe8 37. Qxd6+ Kg8 38. g3 Rg6 39. Qf4 Re6 40. Qg5+ Kf8 41. Qc5+ Kg8 42. Rg4+ Rg6 43. Rxg6+ fxg6 44. Qc4+ Kh8 45. Qc3+ Kg8 46. Qb3+ 1-0

[Event "Charlotte Super op"]
[Site "Charlotte"]
[Date "2023.07.10"]
[Round "2"]
[White "Chasin, Nico Werner"]
[Black "Ai, Evan Zihao"]
[Result "1/2-1/2"]
[WhiteElo "2455"]
[BlackElo "2159"]
[PlyCount "90"]
[EventDate "2023.07.09"]
[EventType "swiss"]
[EventRounds "9"]
[EventCountry "USA"]
[SourceTitle "CBM 215 Extra"]
[Source "ChessBase"]
[SourceDate "2023.09.30"]
[SourceVersion "1"]
[SourceVersionDate "2023.09.30"]
[SourceQuality "1"]

1. d4 Nf6 2. c4 e6 3. Nc3 d5 4. Nf3 Bb4 5. Qa4+ Nc6 6. e3 0-0 7. Bd2 Bd7 8. Qc2 Re8 9. a3 Bxc3 10. Bxc3 a5 11. b3 Ne4 12. Bb2 Qe7 13. Bd3 f5 14. g4 fxg4 15. Bxe4 dxe4 16. Nd2 Qh4 17. 0-0-0 Qxf2 18. Qc3 Ne7 19. Rdf1 Qh4 20. Rf4 Nf5 21. Rg1 h5 22. Nxe4 Qxh2 23. Qe1 Qh4 24. Rf2 Bc6 25. d5 exd5 26. Rh1 Qe7 27. Rxf5 Qxe4 28. Rfxh5 dxc4 29. Rh8+ Kf7 30. R8h7 Qxe3+ 31. Qxe3 Rxe3 32. Rxg7+ Ke6 33. Rh6+ Kd5 34. Rh5+ Ke4 35. Rxg4+ Kf3 36. Rxc4 Re4 37. Rh3+ Kg4 38. Rh7 Rxc4+ 39. bxc4 Re8 40. Bc3 Re4 41. Rxc7 Rxc4 42. Kb2 a4 43. Rf7 Bf3 44. Kc2 Rc5 45. Kd3 Bc6 1/2-1/2